Catálogo

LA COMUNICACION HUMANA : (Registro nro. 49308)

Detalles MARC
000 -LEADER
fixed length control field 00855nam a2200193 a 4500
001 - CONTROL NUMBER
control field 49308
005 - DATE AND TIME OF LATEST TRANSACTION
control field 20180714033944.0
008 - FIXED-LENGTH DATA ELEMENTS--GENERAL INFORMATION
fixed length control field 140415s2001 mx 000 0 spa d
020 ## - INTERNATIONAL STANDARD BOOK NUMBER
International Standard Book Number 9701028252
041 ## - LANGUAGE CODE
Language code of text/sound track or separate title spa
082 ## - DEWEY DECIMAL CLASSIFICATION NUMBER
Classification number 302.2
Item number FER
100 1# - MAIN ENTRY--PERSONAL NAME
Personal name Fernández Collado, Carlos,.
245 13 - TITLE STATEMENT
Title LA COMUNICACION HUMANA :
Remainder of title EN EL MUNDO CONTEMPORANEO
250 ## - EDITION STATEMENT
Edition statement 2a ed.
260 ## - PUBLICATION, DISTRIBUTION, ETC.
Place of publication, distribution, etc. MEXICO :
Name of publisher, distributor, etc. MCGRAW-HILL INTERAMERICANA EDITORES,
Date of publication, distribution, etc. 2001
300 ## - PHYSICAL DESCRIPTION
Extent 766
Dimensions 23.5 x 18.9 x 2.1
520 ## - SUMMARY, ETC.
Summary, etc. LA SEGUNDA EDICION DE LA COMUNICACION HUMANA EN EL MUNDO CONTEMPORANEO PONE AL DIA LOS TEMAS QUE HICIERON SU PUBLICACION ANTEIOR UN LIBRO CLASICO PAR ESTUDIANTES Y ACADEMICOS DE COMUNICACION. ADEMAS, INCORPORA LAS NUEVAS TENDENCIAS Y EL IMPACTO DE LA TECNOLOGIA EN LOS TEMAS FUNDAMENTALES DE ESTA DISCIPLINA.
650 14 - SUBJECT ADDED ENTRY--TOPICAL TERM
Topical term or geographic name entry element COMUNICACION SOCIAL
Existencias
Withdrawn status Lost status Source of classification or shelving scheme Damaged status Not for loan Collection code Home library Current library Shelving location Date acquired Source of acquisition Inventory number Total Checkouts Full call number Barcode Date last seen Price effective from Koha item type Date last checked out Total Renewals
    Dewey Decimal Classification     General Biblioteca Karol Wojtyla Biblioteca Karol Wojtyla Sala general 03/12/2013 Compra 151000000000000000057733   302.2 FER 74055 05/01/2026 03/12/2013 Libro    
    Dewey Decimal Classification     General Biblioteca Karol Wojtyla Biblioteca Karol Wojtyla Sala general 03/12/2013 Compra 151000000000000000057734 1 302.2 FER 2001 78457 18/04/2026 26/05/2015 Libro 28/03/2026 1
    Dewey Decimal Classification     General Biblioteca Karol Wojtyla Biblioteca Karol Wojtyla Sala general 03/12/2013 Compra 151000000000000000057735   302.2 FER 87728 05/01/2026 03/12/2013 Libro 21/09/2016  
    Dewey Decimal Classification     General Biblioteca Karol Wojtyla Biblioteca Karol Wojtyla Sala general 03/12/2013 Compra 151000000000000000057732   302.2 FER 2001 73742 05/01/2026 25/05/2015 Libro 03/10/2016  
    Dewey Decimal Classification   Consulta en sala General Tehuacán Tehuacán Sala general 03/12/2013 Compra     302.2 FER 501844 08/01/2025 03/12/2013 Reserva permanente 02/07/2016